000 01158nam a22003377a 4500
003 CHAP
005 20220329133854.0
008 971013s1960 r 00010 d
010 _a12082
011 _a13054
035 _a17125
040 _cCHAP
082 _a574
_bH37Y
100 0 0 _aHartmann, Max.
_952959
245 _aIntroducción a la biología general; sus problemas filosóficos fundamentales
260 _aMéxico D. F. :
_bUTEHA,
_c1960
300 _a135 p.
_b: ilus.
490 _aManuales UTEHA
_v; 10
590 _aBATCH-UPD
_b10
_c20130110
_lUCH01
_h1805
590 _aBATCH-UPD
_b10
_c20130410
_lUCH01
_h1140
590 _aBATCH-UPD
_b10
_c20130914
_lUCH01
_h0632
590 _aCONVERSION
_b10
_c20130109
_lUCH01
_h1308
650 1 4 _aBiología.
_912773
830 0 _aManuales UTEHA
_v; 10
_970712
901 _aBK
942 _cLIBRO
949 _a574 H37Y
_bBC
_cLIBRO
_d-40659
_eLIBRO
_h44925
_i17125
_si
949 _a574 H37Y
_bBC
_cLIBRO
_d33724000458394
_eLIBRO
_fc.4
_h44928
_i17125
_si
949 _a574 H37Y
_bBC
_cLIBRO
_d33724000458402
_eLIBRO
_fc.2
_h44926
_i17125
_si
949 _a574 H37Y
_bBC
_cLIBRO
_d33724000921045
_eLIBRO
_fc.3
_h44926
_i17125
_si
999 _c12082
_d12082